| 000 | 00564nam a22001817a 4500 | ||
|---|---|---|---|
| 003 | AM-YeHGA | ||
| 040 | _aAM-YeHGA | ||
| 090 | _c448293 | ||
| 005 | 20250617160100.0 | ||
| 008 | 190108b ||||| |||| 00| 0 rus d | ||
| 041 | 0 | _arus | |
| 100 | 1 | _aСомов, Александр Николаевич | |
| 245 | 0 | 0 |
_aВ часы досуга / _cА. Сомов |
| 260 |
_aВладимир : _bВладимирское кн. изд-во, _c1960. |
||
| 300 |
_a35 с. : _bил. |
||
| 650 | 1 | 4 | _aДетские игры и развлечения |
| 942 |
_2udc _cBK |
||
| 999 |
_c445446 _d445446 |
||